Family guy fact file: Peter Griffin Quiz Stats

 Plays Quiz not verified by Sporcle

Score 0/10 Timer 05:00
0 Plays Today
Hint Answer % Correct
ChildChris Griffin
98.7%
ChildStewie Griffin
98.7%
ChildMeg Griffin
97.4%
Hair ColorBrown
96.1%
Shoe ColorBrown
96.1%
Married too....Lois Griffin
94.7%
Shirt ColorWhite
94.7%
Trouser ColorGreen
92.1%
Age43
81.6%
Debut Season1
26.3%

You're not logged in!

Compare scores with friends on all Sporcle quizzes.
OR
Log In

Sporcle TV

Today on Sporcle TV


Watch our educational content, quiz creation guides, and fun videos on Sporcle TV.

Show Comments

Extras

Created Jan 10, 2015ReportNominate
Tags:Family, file, griffin, guy, peter, Peter Griffin

Top Quizzes Today


Score Distribution

Your Account Isn't Verified!

In order to create a playlist on Sporcle, you need to verify the email address you used during registration. Go to your Sporcle Settings to finish the process.

Report this User

Report this user for behavior that violates our Community Guidelines.

Details: